Environmentálna degradácia a ekonomický rast vybraného regiónu diplomová práca

Enregistré dans:
Détails bibliographiques
Auteur principal: Polaščíková, Sofia
Collectivité auteur: Obchodná fakulta EU. Katedra medzinárodného obchodu
Autres auteurs: Puškárová, Paula, 1985-
Format: Livre
Langue:slovaque
Publié: Bratislava 2024
Tags: Ajouter un tag
Pas de tags, Soyez le premier à ajouter un tag!

MARC

LEADER 00000nbm a2200000 4500
001 0302350
005 20250808090603.9
041 0 |a slo 
044 |a SK 
245 1 0 |a Environmentálna degradácia a ekonomický rast vybraného regiónu  |b diplomová práca  |c Sofia Polaščíková ; školiteľ: Paula Puškárová 
264 1 |a Bratislava  |c 2024 
300 |a 93 s. 
100 1 |a Polaščíková, Sofia 
700 1 |a Puškárová, Paula, 1985- 
710 2 |a Obchodná fakulta EU. Katedra medzinárodného obchodu